MARC

LEADER 00000nam0a2200000 4500
001 201075
005 20231101225012.0
010 |a 5020296171 
020 |a RU  |b 91-19146 
035 |a (RuTPU)RU\TPU\book\219172 
090 |a 201075 
100 |a 20110919d1991 k a0rusy5003 ca 
101 0 |a rus 
102 |a RU 
105 |a a z 001zy 
200 1 |a Статистическое моделирование экономических процессов  |e сборник научных трудов  |f Академия наук СССР (АН СССР), Сибирское отделение (СО), Институт экономики и организации промышленного производства (ИЭОПП) ; под ред. Б. Б. Розина 
210 |a Новосибирск  |c Наука  |d 1991 
215 |a 231 с.  |d 20 см 
320 |a Библиогр. в конце ст. 
606 1 |a Экономика  |x Статистические методы  |2 stltpush  |3 (RuTPU)RU\TPU\subj\26552  |9 50453 
610 1 |a экономика 
610 1 |a статистические методы 
610 1 |a моделирование 
610 1 |a экономические процессы 
610 1 |a продукция 
610 1 |a экономический рост 
610 1 |a качество 
686 |a Ув631.8  |2 rubbk 
702 1 |a Розин  |b Б. Б.  |g Бенциан Борисович  |4 340 
712 0 2 |a Академия наук СССР (АН СССР)  |b Сибирское отделение (СО)  |b Институт экономики и организации промышленного производства (ИЭОПП)  |c (Новосибирск)  |2 stltpush  |3 (RuTPU)RU\TPU\col\12174 
801 0 |a RU  |b RuMRKP  |c 19960705  |g psbo 
801 1 |a RU  |b 63413507  |c 20110919 
801 2 |a RU  |b 63413507  |c 20230410  |g RCR 
942 |c BK